000 01211nam a2200277 a 4500
001 000038015
003 DO-SdBNP
005 20250221073755.0
007 ta
008 130312s2009 dr 000 0 spa d
040 _aDO-SdBNP
_bspa
_cBNPHU
082 _222
_a300.723
_bE56s
245 0 4 _aLas encuestas socioeconómicas y demográficas con periodicidad definida en la República Dominicana :
_buna revisión a su contenido temático /
_celaboración, Mildred Martínez, Shelila Ruiz.
260 _aSanto Domingo :
_bONE,
_c2009.
300 _a201 p. ;
_c29 cm.
500 _aIncluye notas al pie de las páginas
505 0 _tPresentación --
_tIntroducción --
_tMedios previos para su difusión --
_tDescripción metodológica de lsa fuentes --
_tDescripcón de las temáticas --
_tConcluciones --
_tRreferencias bibliográficas --
_tAnexos --
590 _aInventariado, 2023 / DG
650 4 _aEncuestas de hogares
_zRepública Dominicana
_981380
650 4 _aEncuestas de viviendas
_zRepública Dominicana
_983034
700 1 _aMartíz,Mildred
_964415
700 1 _aRuiz, Shelila
_964416
710 1 _aRepública Dominicana.
_bOficina Nacional de Estadística
_95775
910 _aDG
942 _2ddc
_cLBS1
999 _c37505
_d37505